Ornithology. (Record no. 6262)

MARC details
000 -LEADER
fixed length control field 00607nam a22002297a 4500
003 - CONTROL NUMBER IDENTIFIER
control field OSt
005 - DATE AND TIME OF LATEST TRANSACTION
control field 20191122145841.0
008 - FIXED-LENGTH DATA ELEMENTS--GENERAL INFORMATION
fixed length control field 160509b xxu||||| |||| 00| 0 eng d
020 ## - INTERNATIONAL STANDARD BOOK NUMBER
International Standard Book Number 9780716724155
020 ## - INTERNATIONAL STANDARD BOOK NUMBER
International Standard Book Number 9780716724154
040 ## - CATALOGING SOURCE
Transcribing agency DDC.
082 ## - DEWEY DECIMAL CLASSIFICATION NUMBER
Classification number 598 GIL1995.
100 ## - MAIN ENTRY--PERSONAL NAME
Personal name Gill,B.Frank;
9 (RLIN) 8557
245 ## - TITLE STATEMENT
Title Ornithology.
250 ## - EDITION STATEMENT
Edition statement 2nd ed.
260 ## - PUBLICATION, DISTRIBUTION, ETC. (IMPRINT)
Place of publication, distribution, etc. New York.
Name of publisher, distributor, etc. W.H Freeman and Company.
Date of publication, distribution, etc. 1995.
300 ## - PHYSICAL DESCRIPTION
Extent xxvii,766p;
Other physical details ill;
Dimensions 26cm.
504 ## - BIBLIOGRAPHY, ETC. NOTE
Bibliography, etc includes Appendix,Bibliography and index.
650 ## - SUBJECT ADDED ENTRY--TOPICAL TERM
Topical term or geographic name as entry element Biology Ornithology
9 (RLIN) 8558
650 ## - SUBJECT ADDED ENTRY--TOPICAL TERM
Topical term or geographic name as entry element Birds
9 (RLIN) 5482
942 ## - ADDED ENTRY ELEMENTS (KOHA)
Source of classification or shelving scheme Dewey Decimal Classification
Koha item type Open Shelf
Holdings
Withdrawn status Lost status Source of classification or shelving scheme Damaged status Not for loan Home library Current library Date acquired Source of acquisition Inventory number Total Checkouts Full call number Barcode Date last seen Koha item type
    Dewey Decimal Classification     MUST Main Library MUST Main Library 29/08/2019 Purchase 05/23582   598 GIL1995. 2019-0263 29/08/2019 Open Shelf
    Dewey Decimal Classification     MUST Main Library MUST Main Library 29/08/2019 Purchase 04/21586   598 GIL1995. 2019-0264 29/08/2019 Open Shelf
    Dewey Decimal Classification     MUST Main Library MUST Main Library 29/08/2019 Purchase 05/23583   598 GIL1995. 2019-0265 29/08/2019 Open Shelf
    Dewey Decimal Classification     MUST Main Library MUST Main Library 29/08/2019 Purchase 06/28093   598 GIL1995. 2019-0266 29/08/2019 Open Shelf